| 000 | 00421nam a2200157Ia 4500 | ||
|---|---|---|---|
| 008 | 140529s9999 xx 000 0 und d | ||
| 050 |
_aPN 3503 _b.L477 2009 |
||
| 100 | _aLee, Brent. | ||
| 245 |
_aGangs of pitch : _ba novel / _cBrent Lee |
||
| 260 |
_aPhilippines : _bAtlas Publishing Co., _cc2009. |
||
| 300 |
_a350 p. ; _c23 cm. |
||
| 521 | _aGE | ||
| 650 | _aClimate change. | ||
| 942 |
_kLOC _cBK |
||
| 999 |
_c117765 _d117765 |
||